Á lódáil...

sport and exercise science an introduction

Sonraí Bibleagrafaíochta
Príomhúdar: Sewell Dean
Údair Eile: Watkins, Philip, Griffin, Murray
Formáid: Printed Book
Foilsithe: London Routledge 2012
Eagrán:2
Ábhair:
LEADER 00532nam a2200181 4500
020 |a 9781444144178 
082 |a 613.7  |b SEW/P 
100 |a Sewell Dean 
245 |a sport and exercise science an introduction 
250 |a 2 
260 |a London  |b Routledge  |c 2012 
300 |a 376p 
650 |a physical fitness 
700 |a Watkins, Philip 
700 |a Griffin, Murray 
942 |c BK 
999 |c 56920  |d 56920 
952 |0 0  |1 0  |4 0  |6 613_700000000000000_SEWP  |7 0  |9 63971  |a KUCL  |c Stack  |d 2019-04-08  |l 0  |o 613.7 SEW/P  |p 49633  |r 2019-04-08  |w 2019-04-08  |y BK